Auditoría informática: un enfoque práctico

Saved in:
Bibliografiske detaljer
Main Authors: Piattini Velthuis, Mario Gerardo (Author), Peso Navarro, Emilio del (Author)
Format: Bog
Sprog:spansk
Udgivet: Ciudad de México Alfaomega 2001
Udgivelse:2a. ed
Fag:
Tags: Tilføj Tag
Ingen Tags, Vær først til at tagge denne postø!

MARC

LEADER 00000cam a2200000 a 4500
001 UCL3684
003 CL-VaPUC
008 031205e20010000MX |||||||||||||||||spa|d
020 |a 9701507312 
082 0 4 |a 657.450285  |b PIA  |2 21 
100 0 |a Piattini Velthuis, Mario Gerardo  |e author  |9 481057 
700 0 |a Peso Navarro, Emilio del  |e author  |9 481058 
245 1 0 |a Auditoría informática: un enfoque práctico 
250 |a 2a. ed 
300 |a 660 p 
942 |c BK 
945 |d 20031205 00:00:00  |a cmena 
260 |a Ciudad de México  |b Alfaomega  |c 2001 
650 0 |a Auditoría  |9 307008 
650 0 |a Aplicaciones de computadores  |9 260401 
650 0 |a Contabilidad   |9 261430 
650 7 |a ESTADOS FINANCIEROS  |2 CL-VaPUC  |9 481059 
650 0 |a Control de calidad   |9 259714 
583 |a last modification  |c 20121122 12:56:34  |k Rodrigo Vera 
999 |c 306696  |d 306694 
952 |0 0  |1 0  |4 0  |6 657_450285000000000_PIA_2001  |7 0  |8 A  |9 371917  |a BIBING  |b BIBING  |d 2019-11-21  |i 3971104  |o 657.450285 PIA 2001  |p 3971104  |r 2025-01-20  |w 2019-11-21  |y BK  |k ING 
952 |0 0  |1 0  |4 0  |6 657_450285000000000_PIA_2001  |7 0  |8 A  |9 371918  |a BIBING  |b BIBING  |d 2019-11-21  |i 3971112  |o 657.450285 PIA 2001  |p 3971112  |r 2025-01-20  |w 2019-11-21  |y BK  |k ING 
952 |0 0  |1 0  |4 0  |6 657_450285000000000_PIA_2001  |7 0  |8 A  |9 371919  |a BIBING  |b BIBING  |d 2019-11-21  |i 3971120  |o 657.450285 PIA 2001  |p 3971120  |r 2025-01-20  |w 2019-11-21  |y BK  |k ING 
952 |0 0  |1 0  |4 0  |6 657_450285000000000_PIA_2001  |7 0  |8 A  |9 371920  |a BIBING  |b BIBING  |d 2019-11-21  |i 4925351  |o 657.450285 PIA 2001  |p 4925351  |r 2025-01-20  |w 2019-11-21  |y BK  |k CCI 
952 |0 0  |1 0  |4 0  |6 657_450285000000000_PIA_2001  |7 0  |8 A  |9 371921  |a BIBING  |b BIBING  |d 2019-11-21  |i 4925335  |o 657.450285 PIA 2001  |p 4925335  |r 2025-01-20  |w 2019-11-21  |y BK  |k CCI 
952 |0 0  |1 0  |4 0  |6 657_450285000000000_PIA_2001  |7 0  |8 A  |9 371922  |a BIBING  |b BIBING  |d 2019-11-21  |i 4925343  |o 657.450285 PIA 2001  |p 4925343  |r 2025-01-20  |w 2019-11-21  |y BK  |k CCI 
952 |0 0  |1 0  |4 0  |6 657_450285000000000_PIA_2001  |7 0  |8 A  |9 371923  |a BIBING  |b BIBING  |d 2019-11-21  |i 492536K  |o 657.450285 PIA 2001  |p 492536K  |r 2025-01-20  |w 2019-11-21  |y BK  |k CCI 
952 |0 0  |1 0  |4 0  |6 657_450285000000000_PIA_2001  |7 0  |8 A  |9 371924  |a BIBING  |b BIBING  |d 2019-11-21  |i 4925378  |o 657.450285 PIA 2001  |p 4925378  |r 2025-01-20  |w 2019-11-21  |y BK  |k CCI 
952 |0 0  |1 0  |4 0  |6 657_450285000000000_PIA_2001  |7 0  |8 A  |9 371925  |a BIBING  |b BIBING  |d 2019-11-21  |i 4925386  |o 657.450285 PIA 2001  |p 4925386  |r 2025-01-20  |w 2019-11-21  |y BK  |k CCI 
952 |0 0  |1 0  |4 0  |6 657_450285000000000_PIA_2001  |7 0  |8 A  |9 371926  |a BIBING  |b BIBING  |d 2019-11-21  |i 4925394  |o 657.450285 PIA 2001  |p 4925394  |r 2025-01-20  |w 2019-11-21  |y BK  |k CCI 
952 |0 0  |1 0  |4 0  |6 657_450285000000000_PIA_2001  |7 0  |8 A  |9 371927  |a BIBING  |b BIBING  |d 2019-11-21  |i 4932692  |o 657.450285 PIA 2001  |p 4932692  |r 2025-01-20  |w 2019-11-21  |y BK  |k CCI 
952 |0 0  |1 0  |4 0  |6 657_450285000000000_PIA_2001  |7 0  |8 A  |9 371928  |a BIBING  |b BIBING  |d 2019-11-21  |i 4932706  |o 657.450285 PIA 2001  |p 4932706  |r 2025-01-20  |w 2019-11-21  |y BK  |k CCI 
952 |0 0  |1 0  |4 0  |6 657_450285000000000_PIA_2001  |7 0  |8 A  |9 371929  |a BIBING  |b BIBING  |d 2019-11-21  |i 4932714  |o 657.450285 PIA 2001  |p 4932714  |r 2025-01-20  |w 2019-11-21  |y BK  |k CCI